Present-day evangelism. (Record no. 10562)

000 -LEADER
fixed length control field 00561nam a2200181 a 4500
001 - CONTROL NUMBER
control field :::00008351$&:&@@
003 - CONTROL NUMBER IDENTIFIER
control field OkBaRHE
005 - DATE AND TIME OF LATEST TRANSACTION
control field 20000607103343.0
008 - FIXED-LENGTH DATA ELEMENTS--GENERAL INFORMATION
fixed length control field s1903 j 000 0 eng u
040 ## - CATALOGING SOURCE
Transcribing agency
100 1# - MAIN ENTRY--PERSONAL NAME
Personal name Chapman, J. Wilbur (John Wilbur), 1859-1918.
245 10 - TITLE STATEMENT
Title Present-day evangelism.
260 ## - PUBLICATION, DISTRIBUTION, ETC. (IMPRINT)
Place of publication, distribution, etc New York, NY., :
Name of publisher, distributor, etc Baker & Taylor Co.
Date of publication, distribution, etc c1903
300 ## - PHYSICAL DESCRIPTION
Extent 245 p. ;
Dimensions 19 cm.
650 ## - SUBJECT ADDED ENTRY--TOPICAL TERM
Topical term or geographic name as entry element Evangelistic Work
942 ## - ADDED ENTRY ELEMENTS (KOHA)
Source of classification or shelving scheme
Koha item type Books
Copies
Not for loan Date last seen Shelving location Withdrawn status Koha item type Damaged status Date acquired Copy number Barcode Price effective from Permanent Location Lost status Full call number Source of classification or shelving scheme
 2010-04-14General Stacks Books 2010-04-14183512010-04-14RHEMA Bible Training College BV 3790 .C53